<?xml version="1.0" encoding="UTF-8"?>
<record
    xmlns:xsi="http://www.w3.org/2001/XMLSchema-instance"
    xsi:schemaLocation="http://www.loc.gov/MARC21/slim http://www.loc.gov/standards/marcxml/schema/MARC21slim.xsd"
    xmlns="http://www.loc.gov/MARC21/slim">

  <leader>01493cam a2200481 a 4500</leader>
  <datafield tag="999" ind1=" " ind2=" ">
    <subfield code="c">22845</subfield>
    <subfield code="d">22845</subfield>
  </datafield>
  <controlfield tag="001">vtls000578456</controlfield>
  <controlfield tag="005">20200129125718.0</controlfield>
  <controlfield tag="008">170223s2016    xo     g nf   000 0 slo d</controlfield>
  <datafield tag="020" ind1=" " ind2=" ">
    <subfield code="a">9788081004780 (bro&#x17E;.)</subfield>
  </datafield>
  <datafield tag="035" ind1=" " ind2=" ">
    <subfield code="a">a000578456</subfield>
  </datafield>
  <datafield tag="040" ind1=" " ind2=" ">
    <subfield code="a">SVKBB</subfield>
    <subfield code="b">slo</subfield>
    <subfield code="c">UKB</subfield>
    <subfield code="d">SNK</subfield>
    <subfield code="e">AACR2</subfield>
  </datafield>
  <datafield tag="041" ind1="1" ind2=" ">
    <subfield code="a">slo</subfield>
    <subfield code="h">eng</subfield>
  </datafield>
  <datafield tag="044" ind1=" " ind2=" ">
    <subfield code="a">xo</subfield>
    <subfield code="c">SK</subfield>
  </datafield>
  <datafield tag="072" ind1=" " ind2="7">
    <subfield code="a">159.93/.94</subfield>
    <subfield code="x">Senzorick&#xE9; a motorick&#xE9; funkcie. Em&#xF3;cie. V&#xF4;&#x13E;a</subfield>
    <subfield code="2">konspekt</subfield>
  </datafield>
  <datafield tag="080" ind1=" " ind2=" ">
    <subfield code="a">159.942</subfield>
    <subfield code="2">2011</subfield>
  </datafield>
  <datafield tag="080" ind1=" " ind2=" ">
    <subfield code="a">159.923.5</subfield>
    <subfield code="2">2011</subfield>
  </datafield>
  <datafield tag="080" ind1=" " ind2=" ">
    <subfield code="a">159.944</subfield>
    <subfield code="2">2011</subfield>
  </datafield>
  <datafield tag="080" ind1=" " ind2=" ">
    <subfield code="a">613.86</subfield>
    <subfield code="2">2011</subfield>
  </datafield>
  <datafield tag="080" ind1=" " ind2=" ">
    <subfield code="a">2-583</subfield>
    <subfield code="2">2001</subfield>
  </datafield>
  <datafield tag="080" ind1=" " ind2=" ">
    <subfield code="a">(035)</subfield>
    <subfield code="2">2011</subfield>
  </datafield>
  <datafield tag="100" ind1="0" ind2=" ">
    <subfield code="a">Osho,</subfield>
    <subfield code="d">1931-1990</subfield>
    <subfield code="9">1616</subfield>
  </datafield>
  <datafield tag="240" ind1="1" ind2="0">
    <subfield code="a">Emotions.</subfield>
    <subfield code="l">Slovensky</subfield>
  </datafield>
  <datafield tag="245" ind1="1" ind2="0">
    <subfield code="a">Em&#xF3;cie</subfield>
    <subfield code="b">[strach a &#xFA;zkos&#x165;, zlos&#x165; a nen&#xE1;vis&#x165;, sm&#xFA;tok, depresia, z&#xE1;vis&#x165;, &#x17E;iarlivos&#x165;, ako sa ich zbavi&#x165;? : v&#x161;etky probl&#xE9;my si vytv&#xE1;rame sami!]</subfield>
    <subfield code="c">Osho</subfield>
  </datafield>
  <datafield tag="250" ind1=" " ind2=" ">
    <subfield code="a">1. vyd.</subfield>
  </datafield>
  <datafield tag="260" ind1=" " ind2=" ">
    <subfield code="a">Bratislava</subfield>
    <subfield code="b">Eugenika</subfield>
    <subfield code="c">2016</subfield>
  </datafield>
  <datafield tag="300" ind1=" " ind2=" ">
    <subfield code="a">117 s.</subfield>
  </datafield>
  <datafield tag="500" ind1=" " ind2=" ">
    <subfield code="a">Prel. z angl. orig.</subfield>
  </datafield>
  <datafield tag="650" ind1="0" ind2="7">
    <subfield code="a">em&#xF3;cie</subfield>
    <subfield code="2">UKBPH</subfield>
    <subfield code="9">1617</subfield>
  </datafield>
  <datafield tag="650" ind1="0" ind2="7">
    <subfield code="a">sebaovl&#xE1;danie</subfield>
    <subfield code="2">UKBPH</subfield>
    <subfield code="9">1618</subfield>
  </datafield>
  <datafield tag="650" ind1="0" ind2="7">
    <subfield code="a">psychick&#xE1; odolnos&#x165;</subfield>
    <subfield code="2">UKBPH</subfield>
    <subfield code="9">1619</subfield>
  </datafield>
  <datafield tag="650" ind1="0" ind2="7">
    <subfield code="a">zvl&#xE1;danie stresu</subfield>
    <subfield code="2">UKBPH</subfield>
    <subfield code="9">1620</subfield>
  </datafield>
  <datafield tag="650" ind1="0" ind2="7">
    <subfield code="a">medit&#xE1;cia</subfield>
    <subfield code="2">UKBPH</subfield>
    <subfield code="9">1621</subfield>
  </datafield>
  <datafield tag="650" ind1="0" ind2="7">
    <subfield code="a">negat&#xED;vne em&#xF3;cie</subfield>
    <subfield code="2">UKBPH</subfield>
    <subfield code="9">1622</subfield>
  </datafield>
  <datafield tag="653" ind1=" " ind2=" ">
    <subfield code="a">159.942</subfield>
  </datafield>
  <datafield tag="653" ind1=" " ind2=" ">
    <subfield code="a">159.923.5</subfield>
  </datafield>
  <datafield tag="653" ind1=" " ind2=" ">
    <subfield code="a">159.944</subfield>
  </datafield>
  <datafield tag="653" ind1=" " ind2=" ">
    <subfield code="a">613.86</subfield>
  </datafield>
  <datafield tag="653" ind1=" " ind2=" ">
    <subfield code="a">2-583</subfield>
  </datafield>
  <datafield tag="653" ind1=" " ind2=" ">
    <subfield code="a">(035)</subfield>
  </datafield>
  <datafield tag="655" ind1=" " ind2="7">
    <subfield code="a">pr&#xED;ru&#x10D;ky</subfield>
    <subfield code="2">UKBPH</subfield>
    <subfield code="9">1541</subfield>
  </datafield>
  <datafield tag="958" ind1=" " ind2=" ">
    <subfield code="a">OP</subfield>
  </datafield>
  <datafield tag="952" ind1=" " ind2=" ">
    <subfield code="0">0</subfield>
    <subfield code="1">0</subfield>
    <subfield code="2">udc</subfield>
    <subfield code="4">0</subfield>
    <subfield code="7">0</subfield>
    <subfield code="8">K</subfield>
    <subfield code="a">10000</subfield>
    <subfield code="b">10000</subfield>
    <subfield code="d">2020-01-29</subfield>
    <subfield code="i">21196</subfield>
    <subfield code="o">I1846</subfield>
    <subfield code="p">I1846</subfield>
    <subfield code="r">2020-01-29</subfield>
    <subfield code="w">2020-01-29</subfield>
    <subfield code="y">OLDO</subfield>
  </datafield>
</record>
